000 00731nam a22002657a 4500
003 FEu
005 20260122103850.0
008 130223t xxu||||| |||| 00| 0 eng d
020 _a9789715844680
050 _aRT 71
_b.F988 2006
100 _aLowenstein, Arlene J.
245 _aFuszard's innovative teaching strategies in nursing /
_cArlene J. Lowenstein, Martha J. Bradshaw.
250 _a3rd ed.
260 _aSudbury, Massachusets :
_c2006
_bJones and Barett Publishers,
300 _a378 p. :
_c21.9 cm.
700 _aBradshaw, Martha J.
942 _2lcc
_cBK
_kFOR
999 _c16215
_d16215